000 00351 a2200157 4500
001 151766
040 _cEscola São Tomás de Aquino
100 _aVIEIRA, Isabel.
240 1 0 _aDepois da tempestade
_lpor
245 1 0 _aDepois da tempestade
300 _a56
362 0 _a2000
440 1 _aEdiouro
697 _a*LITERATURA JUVENIL
942 _cBK
999 _c151766
_d151766